00874njm a2200265Ia 450000100060000000300090000600500170001500800410003204000130007304000130008604100130009910000180011210000180013010000380014824500290018625000110021526000090022626000340023530000100026950000970027950500310037651100640040765000550047170000820052627391IT-RoPAU20220918181155.0131025s9999 xx 000 0 und d aIT-RoPAU cIT-RoPAU aITALIANO aGozzi Ermanna eAutore musica gCodice autore musica SPICS: 13170 aCento pecore-Il problema a1a ed. aROMA bEP - MUSICALI E DISCOGRAFICHE aDISCO aParole semplici e musica moderna in questo disco per l'educazione dei bambini. Disco 45 giri aCento pecore - il problema aDebora Rinaldi e Gabriella Zanotti con il Coro Le Merendine aCANTI BAMBINI [DISCHI]eCodice MATERIA SPICS: 9950 aGozzi ErmannaeAutore testo e musicagCodice autore testo/musica SPICS: 13170